Score 0/20 Timer 06:00
1 Play Today
Theme Song TV Show % Correct
Bad BoysCops
70.4%
The Ballad of Jed ClampettThe Beverly Hillbillies
58.1%
Who Are YouCSI
54.4%
Moon Over Parma/Cleveland RocksThe Drew Carey Show
51.9%
CaliforniaThe O.C.
50.6%
Boss of MeMalcolm in the Middle
45%
The Fishin' HoleThe Andy Griffith Show
27%
Baby All My Life I Will Be Driving Home to YouThe King of Queens
24.9%
I Don't Want to BeOne Tree Hill
24.2%
Where You LeadGilmore Girls
24.2%
Theme Song TV Show % Correct
Save MeSmallville
23.9%
It's a Jungle Out ThereMonk
22.9%
Second Time AroundStep by Step
22.2%
Little BoxesWeeds
21.1%
As Days Go ByFamily Matters
19.6%
Bad ThingsTrue Blood
15.3%
Short Skirt/Long JacketChuck
10.3%
How Soon Is NowCharmed
8%
A Beautiful MineMad Men
4.7%
Temptation SensationIt's Always Sunny In Philadelphia
1.9%

You're not logged in!

Compare scores with friends on all Sporcle quizzes.
OR
Log In

Sporcle TV

Today on Sporcle TV


Watch our educational content, quiz creation guides, and fun videos on Sporcle TV.

Show Comments

Extras

Top Quizzes Today


Score Distribution

Your Account Isn't Verified!

In order to create a playlist on Sporcle, you need to verify the email address you used during registration. Go to your Sporcle Settings to finish the process.

Report this User

Report this user for behavior that violates our Community Guidelines.

Details: